[Event "Russian Championship B13 1st league 2016"]
[Site "Loo"]
[Date "2016.04.28"]
[Round "9.71"]
[White "Nedelko, Nikita"]
[Black "Savintsev, Vladimir V"]
[Result "0-1"]
[WhiteElo "1439"]
[BlackElo "1559"]
[PlyCount "92"]
[EventDate "2016.04.20"]

1. c4 Nf6 2. Nc3 d6 3. g3 g6 4. Bg2 Bg7 5. e3 O-O 6. Nge2 Nbd7 7. O-O e5 8. d4
exd4 9. exd4 c6 10. Bf4 Nb6 11. b3 d5 12. c5 Nbd7 13. Bd6 Re8 14. Qd2 Nf8 15.
Nf4 Bh6 16. Qb2 Bxf4 17. Bxf4 Ne6 18. Be3 Ng4 19. Qd2 Nxe3 20. fxe3 Ng5 21.
Rae1 Bf5 22. b4 Ne4 23. Nxe4 Bxe4 24. Bxe4 Rxe4 25. Rf4 Qe7 26. Re2 Re8 27. Kf2
Qe6 28. Qd3 Qh3 29. Kg1 Qe6 30. Rxe4 Qxe4 31. Qxe4 Rxe4 32. a4 a6 33. Kf2 Re8
34. Rb2 f5 35. b5 axb5 36. axb5 Re7 37. bxc6 bxc6 38. Rb6 Rc7 39. Kf3 Kf7 40.
Kf4 Kf6 41. h4 h6 42. g4 fxg4 43. Kxg4 h5+ 44. Kf4 Kg7 45. Kg5 Rf7 46. Rxc6
Rf5# 0-1

[Event "Russian Championship G17 1st league 2016"]
[Site "Loo"]
[Date "2016.04.28"]
[Round "9.1"]
[White "Pivina, Mariya"]
[Black "Kuznetsova, Darya"]
[Result "1/2-1/2"]
[WhiteElo "1857"]
[BlackElo "1989"]
[PlyCount "71"]
[EventDate "2016.04.20"]

1. e4 e6 2. d4 d5 3. Nc3 Bb4 4. e5 c5 5. a3 Bxc3+ 6. bxc3 Ne7 7. Qg4 Qc7 8.
Qxg7 Rg8 9. Qxh7 cxd4 10. Ne2 Nbc6 11. f4 dxc3 12. Qd3 d4 13. Nxd4 Nxd4 14.
Qxd4 Bd7 15. a4 Nf5 16. Qf2 Qa5 17. Rg1 Qd5 18. Bd3 Bc6 19. Ra3 Rd8 20. Rxc3
Bxa4 21. Qxa7 Bc6 22. Qf2 Nd4 23. Be3 Ra8 24. Kd2 Nf5 25. g4 Ne7 26. Bc5 Ng6
27. h4 Ra4 28. Be3 Qa5 29. h5 Ra3 30. Bd4 Ne7 31. Bc4 Bd5 32. Bb5+ Bc6 33. Bc4
Bd5 34. Bb5+ Bc6 35. Bc4 Bd5 36. Bb5+ 1/2-1/2

[Event "Russian Championship G17 1st league 2016"]
[Site "Loo"]
[Date "2016.04.28"]
[Round "9.2"]
[White "Grekhneva, Yana"]
[Black "Tukaeva, Adelya"]
[Result "1-0"]
[WhiteElo "1809"]
[BlackElo "1854"]
[PlyCount "77"]
[EventDate "2016.04.20"]

1. d4 Nf6 2. c4 e6 3. Nc3 Bb4 4. Qc2 O-O 5. a3 Bxc3+ 6. Qxc3 b6 7. Nf3 Bb7 8.
g3 d6 9. Bg2 Nbd7 10. O-O Qe7 11. Rd1 c5 12. b3 Rac8 13. Qe1 Be4 14. Rd2 d5 15.
cxd5 Bxd5 16. Qd1 Ne4 17. Rb2 Rfd8 18. Nd2 Nc3 19. Qe1 Bxg2 20. Kxg2 cxd4 21.
Nf3 e5 22. Bd2 Ne4 23. Bb4 Ndc5 24. a4 a5 25. Bxc5 Qxc5 26. b4 axb4 27. Qxb4
Qd5 28. Qxb6 Nd6 29. Qb3 Qa8 30. Kg1 Rc3 31. Qa2 Nc4 32. Rb3 Rxb3 33. Qxb3 Rc8
34. Rc1 Qa6 35. Qd3 f6 36. Nd2 e4 37. Qb3 d3 38. exd3 exd3 39. Rxc4 1-0

[Event "Russian Championship G17 1st league 2016"]
[Site "Loo"]
[Date "2016.04.28"]
[Round "9.3"]
[White "Kopovaya, Aleksandra"]
[Black "Kolmychek, Evelina"]
[Result "1-0"]
[WhiteElo "1919"]
[BlackElo "2029"]
[PlyCount "99"]
[EventDate "2016.04.20"]

1. e4 e5 2. Nc3 Nf6 3. Bc4 Nc6 4. d3 Bb4 5. Nge2 d5 6. exd5 Nxd5 7. O-O Be6 8.
Ne4 Qd7 9. a3 Be7 10. b4 O-O 11. Bb2 f5 12. Nd2 Bf6 13. Ng3 g6 14. Re1 Nf4 15.
Bxe6+ Nxe6 16. Nf3 Ned4 17. Rb1 Rad8 18. Ba1 a6 19. a4 b6 20. b5 axb5 21. axb5
Nxf3+ 22. Qxf3 Nd4 23. Bxd4 exd4 24. Nf1 Rfe8 25. Rxe8+ Rxe8 26. Nd2 Re5 27.
Qa8+ Kg7 28. Qa4 g5 29. Nf3 Rc5 30. Rb4 Rd5 31. Kf1 h5 32. Qa7 Kg6 33. Qa4 Qd6
34. Rc4 g4 35. Rc6 Qd7 36. Nd2 Re5 37. Nc4 Re6 38. Qa8 Rxc6 39. bxc6 Qe6 40.
Nxb6 Be5 41. Nd7 Bd6 42. Qh8 Qe7 43. Qxd4 Bxh2 44. Qd5 Bd6 45. c4 Bb4 46. Qg8+
Kh6 47. Qh8+ Kg5 48. Ne5 f4 49. d4 Bc3 50. Qg8+ 1-0

[Event "Russian Championship G17 1st league 2016"]
[Site "Loo"]
[Date "2016.04.28"]
[Round "9.4"]
[White "Khan, Anastasia"]
[Black "Vorobyova, Valeriya"]
[Result "1-0"]
[WhiteElo "1878"]
[BlackElo "1784"]
[PlyCount "79"]
[EventDate "2016.04.20"]

1. d4 Nf6 2. Nc3 d5 3. e4 dxe4 4. f3 exf3 5. Nxf3 g6 6. Bg5 Bg7 7. Bc4 O-O 8.
Qd2 Nc6 9. O-O-O Bf5 10. a3 a6 11. d5 Na5 12. Ba2 c5 13. h3 b5 14. g4 Be4 15.
Nxe4 Nxe4 16. Qf4 Nxg5 17. Nxg5 c4 18. Ne4 Rb8 19. c3 Qb6 20. d6 exd6 21. Rxd6
Qb7 22. Rhd1 Rbe8 23. Nf6+ Bxf6 24. Qxf6 Qg2 25. R6d2 Re2 26. Qxa6 Rxd2 27.
Rxd2 Qh1+ 28. Rd1 Ra8 29. Qxb5 Qxh3 30. Bxc4 Qxg4 31. Bd5 Qf4+ 32. Kb1 Ra7 33.
Rf1 Qe3 34. Ka2 Kg7 35. Rf3 Qd2 36. Bb3 Rb7 37. Qe5+ Kf8 38. Qh8+ Ke7 39. Rxf7+
Kd6 40. Qd8+ 1-0

[Event "Russian Championship G17 1st league 2016"]
[Site "Loo"]
[Date "2016.04.28"]
[Round "9.5"]
[White "Fokina, Elina"]
[Black "Shkalikova, Marina"]
[Result "1-0"]
[WhiteElo "1693"]
[BlackElo "1823"]
[PlyCount "75"]
[EventDate "2016.04.20"]

1. e4 c6 2. d4 d5 3. exd5 cxd5 4. Bd3 Nc6 5. c3 Nf6 6. h3 g6 7. Qc2 Bg7 8. Ne2
O-O 9. Bf4 Bd7 10. O-O Rc8 11. Qd1 Na5 12. Nd2 b5 13. b4 Nc4 14. Nb3 Nb2 15.
Qc2 Nxd3 16. Qxd3 Qb6 17. Nc5 Bf5 18. Qe3 Rfe8 19. a4 Ne4 20. g4 g5 21. Bxg5
Nxg5 22. Qxg5 Be4 23. Ng3 h6 24. Qd2 Bg6 25. axb5 e5 26. Ra5 Rc7 27. Re1 Rce7
28. Rea1 Bf6 29. Ra6 Qxb5 30. Rxa7 Rxa7 31. Rxa7 e4 32. Qe2 Qb8 33. Rb7 Qf4 34.
Nd3 exd3 35. Qxe8+ Kg7 36. Rb8 Be4 37. Qh8+ Kg6 38. Rg8+ 1-0

[Event "Russian Championship G17 1st league 2016"]
[Site "Loo"]
[Date "2016.04.28"]
[Round "9.6"]
[White "Demchenko, Alisa"]
[Black "Petrova, Marija"]
[Result "0-1"]
[WhiteElo "1822"]
[BlackElo "1697"]
[PlyCount "76"]
[EventDate "2016.04.20"]

1. d4 Nf6 2. c4 g6 3. Nf3 Bg7 4. Nc3 d6 5. e4 O-O 6. Be2 Nbd7 7. O-O c5 8. Qc2
cxd4 9. Nxd4 Nc5 10. Rd1 Qb6 11. Nd5 Nxd5 12. exd5 Bxd4 13. Rxd4 Nb3 14. Rh4
Nxa1 15. Qd2 f6 16. Rxh7 Rf7 17. Rh6 Rg7 18. Bd3 Qd4 19. b4 Qg4 20. Bb2 Bf5 21.
Bxa1 Bxd3 22. Qxd3 Qg5 23. Qe3 Qxe3 24. fxe3 Rc8 25. Rh4 b5 26. Kf2 bxc4 27.
Bc3 Rh7 28. Rxh7 Kxh7 29. Ke2 Kh6 30. Kd2 Kg5 31. Bd4 a6 32. a4 Kf5 33. Kc3 Ke4
34. b5 axb5 35. axb5 Kxd5 36. Ba7 Ra8 37. b6 Kc6 38. Kxc4 Rh8 0-1

[Event "Russian Championship G17 1st league 2016"]
[Site "Loo"]
[Date "2016.04.28"]
[Round "9.7"]
[White "Polzunova, Anastasiya"]
[Black "Zakarian, Diana"]
[Result "1/2-1/2"]
[WhiteElo "1645"]
[BlackElo "1625"]
[PlyCount "82"]
[EventDate "2016.04.20"]

1. e4 c5 2. Nf3 e6 3. d4 cxd4 4. Nxd4 Nc6 5. Nc3 a6 6. Be2 Bb4 7. Nxc6 bxc6 8.
Bd2 Nf6 9. e5 Bxc3 10. Bxc3 Nd5 11. Qd2 Nxc3 12. Qxc3 Qb6 13. O-O Rb8 14. b3
O-O 15. Rad1 f6 16. exf6 Rxf6 17. Rd6 a5 18. Bf3 Qb4 19. Qxb4 axb4 20. c3 Ra8
21. cxb4 Rxa2 22. Rc1 Rb2 23. b5 Rxb3 24. bxc6 dxc6 25. Bxc6 Bb7 26. Rd8+ Rf8
27. Rxf8+ Kxf8 28. Bxb7 Rxb7 29. Kf1 Rb2 30. Re1 Kf7 31. f3 Kf6 32. Re2 Rb1+
33. Kf2 g5 34. g4 h6 35. Kg3 Rg1+ 36. Kf2 Rc1 37. Kg3 Rg1+ 38. Kf2 Rc1 39. Kg3
Rg1+ 40. Kf2 Rc1 41. Kg3 Rg1+ 1/2-1/2

[Event "Russian Championship G17 1st league 2016"]
[Site "Loo"]
[Date "2016.04.28"]
[Round "9.8"]
[White "Guskova, Alina"]
[Black "Samchenko, Serafima"]
[Result "0-1"]
[WhiteElo "1831"]
[BlackElo "1706"]
[PlyCount "60"]
[EventDate "2016.04.20"]

1. d4 c5 2. d5 e5 3. e4 Nf6 4. Nc3 d6 5. Bb5+ Nbd7 6. a4 g6 7. Nf3 Bg7 8. O-O
O-O 9. h3 a6 10. Be2 Ne8 11. Bg5 f6 12. Bh4 Rb8 13. Nd2 Qc7 14. a5 f5 15. exf5
gxf5 16. Be7 Rf7 17. Bh4 Nef6 18. Nc4 Kh8 19. Bh5 Nxh5 20. Qxh5 Nf6 21. Qe2 Bd7
22. Nb6 Rg8 23. Kh1 f4 24. Bxf6 Rxf6 25. Ne4 Rh6 26. Ng5 Bf5 27. Kh2 Bf8 28.
Ne4 Qg7 29. Rg1 Qg6 30. Rae1 Bxh3 0-1

[Event "Russian Championship G17 1st league 2016"]
[Site "Loo"]
[Date "2016.04.28"]
[Round "9.9"]
[White "Danilova, Rada"]
[Black "Suvorova, Ksenia"]
[Result "1/2-1/2"]
[WhiteElo "1808"]
[BlackElo "1648"]
[PlyCount "123"]
[EventDate "2016.04.20"]

1. d4 Nf6 2. c4 d6 3. Nc3 Nbd7 4. Nf3 e5 5. g3 c6 6. Bg2 Be7 7. O-O O-O 8. d5
c5 9. e4 a6 10. Ne1 Rb8 11. a4 Nb6 12. b3 Na8 13. Nd3 Nc7 14. a5 b6 15. axb6
Rxb6 16. Bd2 Re8 17. Na4 Rb8 18. b4 cxb4 19. Bxb4 Bd7 20. c5 dxc5 21. Bxc5 Bxc5
22. Naxc5 Bb5 23. Re1 Qd6 24. Qd2 Nd7 25. Nxd7 Bxd7 26. Rec1 Rec8 27. f4 f6 28.
fxe5 fxe5 29. Nc5 Bb5 30. Bh3 Rf8 31. Ne6 Nxe6 32. Bxe6+ Kh8 33. Qe3 Rf6 34.
Bg4 Rbf8 35. Be2 Bxe2 36. Qxe2 Qb6+ 37. Kh1 Rf2 38. Rf1 Rxf1+ 39. Rxf1 Rxf1+
40. Qxf1 Kg8 41. Qc1 Kf7 42. Kg2 a5 43. Qc3 Kf6 44. g4 h6 45. Qf3+ Ke7 46. Qc3
Kf6 47. h4 g5 48. hxg5+ hxg5 49. Qf3+ Ke7 50. Qa3+ Qb4 51. Qe3 Qb2+ 52. Kf3 Kf6
53. Qd3 Qb6 54. Ke2 a4 55. Qa3 Qd4 56. Qf8+ Kg6 57. Qe8+ Kg7 58. Qe7+ Kg6 59.
Qe6+ Kg7 60. Qd7+ Kf8 61. Qf5+ Ke8 62. Qe6+ 1/2-1/2

[Event "Russian Championship G17 1st league 2016"]
[Site "Loo"]
[Date "2016.04.28"]
[Round "9.10"]
[White "Hilova, Evelina"]
[Black "Averina, Vera"]
[Result "0-1"]
[WhiteElo "1770"]
[BlackElo "1697"]
[PlyCount "136"]
[EventDate "2016.04.20"]

1. e4 Nc6 2. Nf3 a6 3. d4 d6 4. Bd3 Bg4 5. c3 e5 6. Be3 Nf6 7. d5 Ne7 8. c4 Ng6
9. h3 Bd7 10. Nc3 Be7 11. Qb3 Qc8 12. O-O-O a5 13. g3 Bxh3 14. Ng5 Bd7 15. Qc2
h6 16. Nf3 Ng4 17. Nh4 Nxe3 18. fxe3 O-O 19. Nf5 Bg5 20. Rde1 Qd8 21. Nd1 a4
22. Nf2 Ne7 23. Nh3 f6 24. Qh2 Nxf5 25. exf5 Qe8 26. Nxg5 fxg5 27. e4 b5 28.
Qe2 bxc4 29. Bxc4 Ra5 30. Kb1 Bb5 31. Rh3 Bxc4 32. Qxc4 Rc5 33. Qe2 Qb5 34.
Qxb5 Rxb5 35. Rh2 Rc5 36. Re3 Ra8 37. Rc2 Raa5 38. b4 axb3 39. axb3 Rxc2 40.
Kxc2 Rc5+ 41. Kb2 Kf7 42. b4 Rb5 43. Kb3 h5 44. Rc3 Rb7 45. Ka4 Kf6 46. b5 g4
47. Rc6 Kg5 48. b6 Rxb6 49. Rxc7 Kf6 50. Rc8 Rb1 51. Rc6 Ke7 52. Rc7+ Kf8 53.
Rd7 Re1 54. Rxd6 Rxe4+ 55. Kb5 Re3 56. Re6 Rxg3 57. Rxe5 Rd3 58. f6 gxf6 59.
Rxh5 g3 60. Rh1 Rxd5+ 61. Kc4 Rg5 62. Kd3 Kf7 63. Ke4 f5+ 64. Kf4 Kg6 65. Rg1
g2 66. Kf3 Kh5 67. Kf2 Kh4 68. Kf3 Kh3 0-1

[Event "Russian Championship G17 1st league 2016"]
[Site "Loo"]
[Date "2016.04.28"]
[Round "9.12"]
[White "Dunaevskaya, Alisa"]
[Black "Zhekotova, Darya"]
[Result "0-1"]
[WhiteElo "1558"]
[BlackElo "1543"]
[PlyCount "94"]
[EventDate "2016.04.20"]

1. Nf3 e6 2. d4 c5 3. c4 cxd4 4. Nxd4 a6 5. g3 Nc6 6. Bg2 Bc5 7. Nb3 Ba7 8. O-O
Nf6 9. Nc3 O-O 10. e4 Ne5 11. Qe2 d6 12. Kh1 Qc7 13. Nd2 Bd7 14. f4 Nc6 15. Nf3
Nd4 16. Qd3 Nxf3 17. Bxf3 Rfd8 18. b3 Bc6 19. Bb2 Rac8 20. Rac1 Qb6 21. Rfd1
Qf2 22. Rc2 Qb6 23. Bc1 h6 24. Ba3 Bb8 25. Rcd2 Rd7 26. b4 Rdd8 27. Qd4 Qc7 28.
b5 Be8 29. bxa6 Qxc4 30. axb7 Qxc3 31. bxc8=Q Qxf3+ 32. Rg2 Rxc8 33. Rd3 Qxe4
34. Qxe4 Nxe4 35. h4 Bc6 36. Kh2 Nc5 37. Bxc5 Bxg2 38. Kxg2 Rxc5 39. a3 d5 40.
Rb3 Bd6 41. a4 Ra5 42. Rb6 Bf8 43. Rb8 Rxa4 44. Kf3 Ra3+ 45. Kf2 g6 46. Rd8 Kg7
47. g4 Be7 0-1

[Event "Russian Championship G17 1st league 2016"]
[Site "Loo"]
[Date "2016.04.28"]
[Round "9.13"]
[White "Logunova, Elizaveta"]
[Black "Gorenkova, Anna"]
[Result "1-0"]
[WhiteElo "1731"]
[BlackElo "1648"]
[PlyCount "67"]
[EventDate "2016.04.20"]

1. d4 g6 2. Nf3 Bg7 3. Bf4 d6 4. e3 Nd7 5. h3 e5 6. Bh2 Ne7 7. Be2 O-O 8. O-O
h6 9. c4 f5 10. Nc3 Kh7 11. Qc2 g5 12. Rfd1 Ng6 13. c5 g4 14. hxg4 fxg4 15. Bd3
gxf3 16. Bxg6+ Kh8 17. cxd6 Qg5 18. Bg3 h5 19. gxf3 h4 20. Kg2 Rf6 21. Bd3 Rh6
22. Ne4 Qg6 23. Nd2 Qg5 24. Ne4 Qg6 25. Nd2 Qxd6 26. Bh2 Nb6 27. Kh1 Qe7 28.
dxe5 h3 29. Rg1 Rc6 30. Qd1 Bxe5 31. Be4 Bxh2 32. Kxh2 Rd6 33. Qc2 Be6 34. Qc3+
1-0

[Event "Russian Championship G17 1st league 2016"]
[Site "Loo"]
[Date "2016.04.28"]
[Round "9.15"]
[White "Sumenkova, Elena"]
[Black "Kirakosyan, Kamilla"]
[Result "0-1"]
[WhiteElo "1645"]
[BlackElo "1769"]
[PlyCount "56"]
[EventDate "2016.04.20"]

1. Nf3 Nf6 2. d4 d5 3. c4 e6 4. Nc3 c6 5. a4 Bb4 6. Qc2 dxc4 7. e3 b5 8. axb5
cxb5 9. Bd2 Bxc3 10. Bxc3 a6 11. b3 cxb3 12. Qxb3 Bb7 13. Bb4 Nd5 14. Ba3 Nd7
15. Be2 Qb6 16. Rb1 Rc8 17. O-O Nc3 18. Rb2 Nxe2+ 19. Rxe2 a5 20. e4 b4 21. Bb2
Ba6 22. Rc2 Rxc2 23. Qxc2 Bxf1 24. Kxf1 O-O 25. e5 Qa6+ 26. Kg1 Rc8 27. Qe4 Qc6
28. Qe3 Qc2 0-1

[Event "Russian Championship G17 1st league 2016"]
[Site "Loo"]
[Date "2016.04.28"]
[Round "9.17"]
[White "Tatarinova, Elena"]
[Black "Bagaeva, Maria"]
[Result "1/2-1/2"]
[WhiteElo "1726"]
[BlackElo "1490"]
[PlyCount "117"]
[EventDate "2016.04.20"]

1. c4 c6 2. g3 Nf6 3. Bg2 d5 4. cxd5 cxd5 5. d4 Nc6 6. Nf3 Bf5 7. O-O h6 8. Nc3
e6 9. Bf4 a6 10. Ne5 Nxe5 11. Bxe5 Bd6 12. Bxd6 Qxd6 13. f3 O-O 14. e4 dxe4 15.
fxe4 Bg4 16. e5 Bxd1 17. exd6 Bh5 18. Bxb7 Rad8 19. Bxa6 Rxd6 20. Be2 Bxe2 21.
Nxe2 Rfd8 22. b4 Nd5 23. b5 Rb6 24. a4 Ra8 25. Rfb1 Kf8 26. a5 Rbb8 27. Kf2 Ke7
28. Rb3 Kd6 29. b6 Nxb6 30. Nc3 Nc4 31. Nb5+ Kd7 32. a6 Nd6 33. Ra5 Nxb5 34.
Raxb5 Rxb5 35. Rxb5 Rxa6 36. Rb7+ Ke8 37. Rb8+ Ke7 38. Kf3 Rd6 39. Ke3 Rd7 40.
g4 Kf6 41. h4 Ra7 42. Rb5 Rd7 43. Ke4 Ke7 44. Rh5 Kf6 45. Rc5 Ra7 46. g5+ hxg5
47. hxg5+ Kg6 48. d5 exd5+ 49. Rxd5 Ra1 50. Kf4 Re1 51. Kf3 Rf1+ 52. Kg4 f5+
53. gxf6 gxf6 54. Kg3 f5 55. Rd8 Rg1+ 56. Kf2 Rg4 57. Rg8+ Kh5 58. Rxg4 Kxg4
59. Kg2 1/2-1/2

[Event "Russian Championship G17 1st league 2016"]
[Site "Loo"]
[Date "2016.04.28"]
[Round "9.18"]
[White "Lanina, Evgenia"]
[Black "Ivanets, Anastasiya"]
[Result "1-0"]
[WhiteElo "1499"]
[BlackElo "1472"]
[PlyCount "73"]
[EventDate "2016.04.20"]

1. Nf3 d5 2. g3 Nc6 3. Bg2 e5 4. d3 f5 5. O-O Nf6 6. Nbd2 Bd6 7. e4 O-O 8. Re1
Re8 9. c3 f4 10. exd5 Nxd5 11. Qb3 Be6 12. Qxb7 Qd7 13. Nc4 fxg3 14. hxg3 e4
15. Rxe4 Bf5 16. Rxe8+ Rxe8 17. Nxd6 Qxd6 18. d4 Rb8 19. Qa6 Rb6 20. Qe2 Bg4
21. Qe8+ Qf8 22. Qxf8+ Kxf8 23. Ng5 Nf6 24. Bxc6 Rxc6 25. Kg2 h6 26. Nf3 Rb6
27. Ne5 Be6 28. b3 c6 29. Ba3+ Ke8 30. Re1 Bd5+ 31. Kg1 Kd8 32. c4 Bg8 33. Bc5
Ra6 34. a3 Nd7 35. Nxd7 Kxd7 36. Re7+ Kd8 37. Rxa7 1-0

[Event "Russian Championship B19 2016"]
[Site "Loo"]
[Date "2016.04.28"]
[Round "9.1"]
[White "Vavulin, Maksim"]
[Black "Kuzmin, Egor"]
[Result "1-0"]
[WhiteElo "2474"]
[BlackElo "2242"]
[PlyCount "89"]
[EventDate "2016.04.20"]

1. e4 e5 2. Nf3 Nf6 3. Nxe5 d6 4. Nf3 Nxe4 5. c4 Be7 6. d4 d5 7. Nc3 c6 8. cxd5
cxd5 9. Bd3 Nxc3 10. bxc3 O-O 11. Qc2 h6 12. O-O Nc6 13. Bf4 Be6 14. Rae1 Bd6
15. Qd2 Bxf4 16. Qxf4 Rc8 17. Re3 Qc7 18. Qh4 Qd8 19. Qh5 Qf6 20. Rfe1 Ne7 21.
Ne5 Qg5 22. Qd1 Nf5 23. Rf3 Nd6 24. Rg3 Qf4 25. Rf3 Qg5 26. h3 Rfe8 27. Bb1 b6
28. Ree3 Qh4 29. Qe2 Qh5 30. Bc2 Ne4 31. Qe1 Nd6 32. Ba4 b5 33. Bb3 Ne4 34. a4
Ng5 35. Rf4 Nxh3+ 36. gxh3 Qg5+ 37. Rg4 Bxg4 38. hxg4 Rcd8 39. axb5 f6 40. Nc6
Qxg4+ 41. Kf1 Kh7 42. Bc2+ f5 43. Nxd8 Rxd8 44. Rg3 Qh5 45. Qe5 1-0

[Event "Russian Championship B19 2016"]
[Site "Loo"]
[Date "2016.04.28"]
[Round "9.2"]
[White "Anikonov, Dmitry"]
[Black "Murtazin, Bulat"]
[Result "1/2-1/2"]
[WhiteElo "2387"]
[BlackElo "2319"]
[PlyCount "105"]
[EventDate "2016.04.20"]

1. d4 Nf6 2. c4 e6 3. Nc3 Bb4 4. Nf3 c5 5. g3 O-O 6. Bg2 cxd4 7. Nxd4 Nc6 8.
O-O Bxc3 9. Nxc6 bxc6 10. bxc3 Qa5 11. Qd4 Ba6 12. Bf4 d5 13. cxd5 cxd5 14. Be5
Rfc8 15. Bxf6 Rc4 16. Qe5 gxf6 17. Qxf6 Qxc3 18. Qg5+ Qg7 19. Qd2 Rac8 20. Bf3
Rc2 21. Qe3 Qf6 22. a4 R8c3 23. Qxa7 Bxe2 24. Bxe2 Rxe2 25. a5 Rcc2 26. Rad1
Qf3 27. a6 Ra2 28. Qb6 Kg7 29. Qd4+ e5 30. Qxd5 Qxd5 31. Rxd5 Rxa6 32. Rdd1 Rf6
33. f3 Rh6 34. Rf2 Rxf2 35. Kxf2 Rxh2+ 36. Ke3 Rg2 37. g4 f6 38. Rh1 Kg6 39.
Rh3 Ra2 40. Rh1 Ra3+ 41. Ke4 Ra7 42. Rh2 Ra1 43. Ke3 Rb1 44. Rh3 h6 45. Rh2 Rb4
46. Rh1 Rb7 47. Rh2 Rb1 48. Rh3 Rb3+ 49. Ke4 Rb4+ 50. Ke3 e4 51. Rh1 exf3 52.
Kxf3 Rb3+ 53. Kf4 1/2-1/2

[Event "Russian Championship B19 2016"]
[Site "Loo"]
[Date "2016.04.28"]
[Round "9.3"]
[White "Zakaryan, David"]
[Black "Kozionov, Kirill"]
[Result "1/2-1/2"]
[WhiteElo "2342"]
[BlackElo "2423"]
[PlyCount "165"]
[EventDate "2016.04.20"]

1. Nf3 f5 2. d4 Nf6 3. g3 g6 4. Bg2 Bg7 5. O-O O-O 6. c4 d6 7. b3 c6 8. Bb2 a5
9. Nc3 Qc7 10. d5 Na6 11. Nd4 Bd7 12. Qd2 Rae8 13. Rfd1 Nc5 14. Rac1 e5 15.
dxe6 Bxe6 16. e3 Bc8 17. Nde2 Rd8 18. Nf4 g5 19. Nd3 Ng4 20. f3 Nxd3 21. Qxd3
Ne5 22. Qd2 Qe7 23. f4 Ng4 24. Re1 h5 25. h3 Nh6 26. Na4 Bxb2 27. Nxb2 h4 28.
e4 g4 29. exf5 Qg7 30. Qc3 Rf6 31. hxg4 Nxg4 32. Nd1 Nh6 33. Nf2 Bxf5 34. Re3
hxg3 35. Rxg3 Rg6 36. Qxg7+ Kxg7 37. Rxg6+ Bxg6 38. Be4 Bh5 39. Rc3 Ng8 40.
Rg3+ Kf7 41. Rg5 Nf6 42. Rxa5 Re8 43. Bd3 Bf3 44. Nh3 Bg4 45. Ng5+ Kg7 46. Kf2
Nh5 47. Nh3 c5 48. Ng5 Nxf4 49. Kg3 Nxd3 50. Kxg4 Kf6 51. Nh3 Ke5 52. Ra7 Re7
53. Ra8 Rg7+ 54. Ng5 Re7 55. Rf8 Kd4 56. Rf6 Nc1 57. Rxd6+ Kc3 58. Ne6 Nxa2 59.
Nxc5 Rc7 60. Ne6 Rc6 61. c5 Nb4 62. Kf3 Kxb3 63. Nd4+ Kc4 64. Nxc6 bxc6 65. Ke4
Kxc5 66. Rd1 Nd5 67. Rc1+ Kd6 68. Kd4 Nc7 69. Rd1 Ne6+ 70. Ke4+ Kc5 71. Ke5 Nc7
72. Rc1+ Kb6 73. Kd4 Nb5+ 74. Ke4 Nc7 75. Ke5 Nb5 76. Ke6 Kc7 77. Rb1 Nd4+ 78.
Ke5 Nb5 79. Rb2 Kb6 80. Rc2 Na3 81. Rc3 Nb5 82. Rc1 Kb7 83. Rxc6 1/2-1/2

[Event "Russian Championship B19 2016"]
[Site "Loo"]
[Date "2016.04.28"]
[Round "9.4"]
[White "Drygalov, Sergey"]
[Black "Khanin, Semen"]
[Result "1-0"]
[WhiteElo "2372"]
[BlackElo "2396"]
[PlyCount "111"]
[EventDate "2016.04.20"]

1. d4 Nf6 2. Nf3 g6 3. g3 Bg7 4. Bg2 O-O 5. c4 d6 6. O-O Nbd7 7. Qc2 e5 8. Rd1
exd4 9. Nxd4 Re8 10. Nc3 a6 11. b3 Nc5 12. e4 Bd7 13. f3 a5 14. Be3 Qe7 15. Bf2
c6 16. h3 h5 17. Re1 Nh7 18. f4 Nf8 19. Rad1 Rad8 20. a3 Bc8 21. b4 axb4 22.
axb4 Na6 23. Qb1 Ne6 24. b5 Nac5 25. bxc6 Bxd4 26. Bxd4 bxc6 27. Bf2 Ba6 28.
Qa2 Ra8 29. e5 dxe5 30. Rxe5 Qf8 31. Qe2 f6 32. Re3 Rac8 33. Ne4 Nxe4 34. Bxe4
Qf7 35. f5 Ng5 36. fxg6 Qg7 37. Bd5+ cxd5 38. Rxe8+ Rxe8 39. Qxe8+ Qf8 40.
Qxf8+ Kxf8 41. Bc5+ Kg7 42. cxd5 Bc8 43. d6 Nf3+ 44. Kf2 Ne5 45. Bd4 Nd7 46.
Re1 Kxg6 47. Re7 Kg5 48. Ke3 Kf5 49. Kd2 Kg5 50. Kc3 h4 51. g4 Kf4 52. Bf2 f5
53. Be3+ Kg3 54. gxf5 Nf6 55. Kd4 Kxh3 56. Bg5 1-0

[Event "Russian Championship B19 2016"]
[Site "Loo"]
[Date "2016.04.28"]
[Round "9.5"]
[White "Ivlev, Aleksey"]
[Black "Aleksandrovskiy, Dmitriy"]
[Result "0-1"]
[WhiteElo "2302"]
[BlackElo "2252"]
[PlyCount "108"]
[EventDate "2016.04.20"]

1. d4 d5 2. c4 dxc4 3. e4 e5 4. Nf3 exd4 5. Bxc4 Nc6 6. O-O Be6 7. Bb5 Bc5 8.
b4 Bb6 9. a4 a6 10. Bxc6+ bxc6 11. a5 Ba7 12. Bb2 Nf6 13. Nxd4 Bxd4 14. Bxd4
Nxe4 15. Re1 Nf6 16. Bxf6 Qxf6 17. Nd2 Qd4 18. Re4 Qd3 19. Qc1 O-O-O 20. Rxe6
fxe6 21. Nc4 Rhf8 22. Ne5 Qe2 23. Nf3 Kb7 24. Qf1 Qxf1+ 25. Kxf1 Rf4 26. Rb1
Rd5 27. Re1 g5 28. Rxe6 g4 29. Ne1 Rd2 30. f3 gxf3 31. Nxf3 Ra2 32. Rh6 Rxb4
33. Rxh7 Rb1+ 34. Ne1 Rxa5 35. Re7 Rf5+ 36. Kg1 a5 37. g4 Rf4 38. g5 Rb5 39. h4
Rxh4 40. Nf3 Rg4+ 41. Kf2 Rgxg5 42. Nxg5 Rxg5 43. Ke3 Rd5 44. Re4 Kb6 45. Re8
c5 46. Rb8+ Kc6 47. Ra8 c4 48. Ra6+ Kb5 49. Ra7 c6 50. Rb7+ Ka4 51. Rb6 Rd6 52.
Rb1 c3 53. Ra1+ Kb3 54. Rb1+ Ka2 0-1

[Event "Russian Championship B19 2016"]
[Site "Loo"]
[Date "2016.04.28"]
[Round "9.6"]
[White "Timerkhanov, Alexander"]
[Black "Shapiro, David"]
[Result "1-0"]
[WhiteElo "2260"]
[BlackElo "2230"]
[PlyCount "65"]
[EventDate "2016.04.20"]

1. d4 d5 2. c4 e6 3. Nc3 Nf6 4. Nf3 dxc4 5. Bg5 c5 6. e4 cxd4 7. Nxd4 Bc5 8.
Ndb5 Qb6 9. Bxc4 a6 10. Na4 Qc6 11. Nxc5 axb5 12. Be2 Nbd7 13. Nxd7 Bxd7 14. f3
b4 15. Be3 O-O 16. O-O Rfd8 17. Qb3 Qd6 18. Rfd1 Qe7 19. Rd4 Bc6 20. Qxb4 Qxb4
21. Rxb4 Nd7 22. a3 f5 23. Bc4 fxe4 24. Bxe6+ Kh8 25. fxe4 Re8 26. Bxd7 Bxd7
27. Rxb7 Bc6 28. Rc7 Ra6 29. Bd4 Rxe4 30. Bxg7+ Kg8 31. Rf1 h5 32. Rf8+ Kh7 33.
Bc3+ 1-0

[Event "Russian Championship B19 2016"]
[Site "Loo"]
[Date "2016.04.28"]
[Round "9.7"]
[White "Gogin, Maksim"]
[Black "Yeletsky, Ivan"]
[Result "1/2-1/2"]
[WhiteElo "2324"]
[BlackElo "2344"]
[PlyCount "109"]
[EventDate "2016.04.20"]

1. d4 Nf6 2. Nf3 g6 3. g3 Bg7 4. Bg2 d5 5. O-O O-O 6. c3 c6 7. Re1 a5 8. a4
Nbd7 9. Nbd2 c5 10. dxc5 Nxc5 11. Nb3 b6 12. Be3 Ng4 13. Bxc5 bxc5 14. h3 Nf6
15. Nxc5 Qb6 16. Nd3 Ba6 17. Qc2 Rab8 18. Nd2 e6 19. Rab1 Rfc8 20. e4 Bh6 21.
exd5 exd5 22. Ne5 Qa7 23. Qd1 Bg7 24. Nf1 Ne4 25. Bxe4 dxe4 26. Rxe4 Qa8 27.
Re3 Rd8 28. Qf3 Rb7 29. Nc6 Rf8 30. Nxa5 Bh6 31. Ree1 Ra7 32. Qxa8 Raxa8 33. b4
Bc8 34. Kg2 Bd7 35. Ra1 Rfc8 36. Ra3 Bf8 37. Re5 Bg7 38. Re3 Bf8 39. Ra2 Bg7
40. Ra3 Bf8 41. Nb3 Bxa4 42. Kh2 Bh6 43. f4 Bxb3 44. Rxb3 Ra2+ 45. Kh1 Rf2 46.
Nh2 Bf8 47. Ng4 Rc2 48. Ne5 Bd6 49. b5 Ra8 50. Rb1 Bxe5 51. fxe5 Raa2 52. g4
Rh2+ 53. Kg1 Rhg2+ 54. Kf1 Rgf2+ 55. Kg1 1/2-1/2

[Event "Russian Championship B19 2016"]
[Site "Loo"]
[Date "2016.04.28"]
[Round "9.8"]
[White "Najdin, Danil"]
[Black "Shilyaev, Fedor"]
[Result "0-1"]
[WhiteElo "2305"]
[BlackElo "2203"]
[PlyCount "78"]
[EventDate "2016.04.20"]

1. d4 Nf6 2. c4 g6 3. Nc3 Bg7 4. e4 d6 5. Nf3 O-O 6. h3 e5 7. d5 a5 8. g4 Nfd7
9. Bd3 Na6 10. Be2 f5 11. gxf5 gxf5 12. exf5 Ndc5 13. Bg5 Qe8 14. Nh4 Bxf5 15.
Nxf5 Rxf5 16. Rg1 Qg6 17. h4 Raf8 18. Bh5 Nd3+ 19. Qxd3 Qxh5 20. Ne4 Kh8 21. a3
b6 22. b4 axb4 23. Be7 Nc5 24. Qg3 Qf7 25. Bxf8 Bxf8 26. Nxc5 bxc5 27. axb4 Rf3
28. Qg4 cxb4 29. Ra8 b3 30. Rb8 Rf6 31. h5 h6 32. Rxb3 Rf4 33. Qe6 Rxf2 34.
Rg8+ Kxg8 35. Rg3+ Bg7 36. Rg1 Qxe6 37. dxe6 Rf6 38. Rg6 Rxg6 39. hxg6 Kf8 0-1